000 01226nam a22002297a 4500
005 20251208164727.0
010 _aHIN-130568 B-771710-723 25BACHN25
020 _a9789381932059
_c500.00
035 _aB-771710-723
035 _aHN-102914
037 _bएस. पी . कौशिक
037 _bDBAD
082 _a808
100 _aवर्मा, हरिशरण
_985931
245 _aपरिश्रम नाटक -संग्रह /
_cहरिशरण वर्मा
260 _aदिल्ली
_bएस. पी . कौशिक
_c2023
270 _aए-49, भू-तल , गली नं. 6, जगतपुरी एक्सटेंशन ,
_bदिल्ली
_e110093
300 _a160पृ..
_c22सेमी (सजिल्द)
490 _vभाग 1
942 _2ddc
_cHN
_h808
_mवर्माह
999 _c210141
_d210141